000 00455nam a2200157Ia 4500
008 090123s9999 xx 000 0 und d
082 _b295
100 _aनंदा गुलशन
245 _aअंधेरा चिराग
250 _a0
600 _aनंदा गुलशन
630 _aअंधेरा चिराग
700 _aनंदा गुलशन
730 _aअंधेरा चिराग
942 _cBOOK
999 _c38383
_d38383